000 00641nam a2200253Ia 4500
003 OSt
005 20220918164106.0
006 a|||||r|||| 00| 0
007 ta
008 220917b |||||||| |||| 00| 0 eng d
020 _a0415241936 (pbk)
024 _a170,151
037 _cTextual
040 _aARTS
_cARTS
_beng
041 _2eng
_aeng
082 _aR2, P1
100 _aAvramides Anita
_917154
245 0 _aOther minds
260 _aLondon
_bRoutldege
_c2001
300 _axv, 333p.
_ccm.
490 _aThe problems of philosophy
942 _hR2, P1
_cTEXL
_2CC
999 _c123144
_d123144